Scrivi lo Stato Valido #5 - Statistics

Statistiche generali
  • Questo quiz è stato fatto 8.785 volte
  • Il punteggio medio è 12 su 20
Statistiche sulle risposte
Nomina uno Stato... Risposte % Corretto
...che confina con la Tunisia Algeria | Libia
98%
...che ha vinto una Coppa del Mondo maschile FIFA Argentina | Brasile | Francia | Germania | Inghilterra | Italia | Spagna | Uruguay
98%
...africano con più di 100 milioni di abitanti Egitto | Etiopia | Nigeria | Rep. Dem. Congo
86%
...la cui iniziale del nome è unica rispetto agli altri Stati Oman | Qatar | Yemen
80%
...la cui bandiera è almeno per i ⅔ verde Arabia Saudita | Bangladesh | Brasile | Nigeria | Pakistan | Turkmenistan | Zambia
76%
...nelle Americhe che non è bagnato dall'Atlantico Bolivia | Ecuador | El Salvador | Paraguay | Perù
76%
...in cui è praticata la caccia alle balene Canada | Corea del Sud | Danimarca | Islanda | Giappone | Norvegia | Russia | Stati Uniti
71%
...con territori in almeno 5 dei 6 continenti abitati (sia in America del Nord che del Sud) Francia | Regno Unito
70%
...che ha registrato una temperatura di almeno 52 °C (da documenti affidabili) Arabia Saudita | Iran | Iraq | Kuwait | Messico | Pakistan | Stati Uniti
67%
...con meno dello 0.5% di foreste (escluse le micronazioni) Arabia Saudita | Bahrain | Gibuti | Egitto | Islanda | Libia | Kuwait | Mauritania | Oman | Qatar
66%
...che rispetto all'Algeria è più grande ma con meno popolazione Australia | Canada | Kazakistan
59%
...con una capitale posta ad un'altitudine sopra i 2000 m Bhutan | Bolivia | Colombia | Ecuador | Eritrea | Etiopia | Messico | Yemen
53%
...con più di 80 milioni di abitanti, ma senza McDonald's Bangladesh | Rep. Dem. Congo | Etiopia | Iran | Nigeria
46%
...che è una monarchia in Africa Eswatini | Lesotho | Marocco
45%
...le cui regioni sono chiamate "oblasts" Bielorussia | Bulgaria | Kazakistan | Kirghizistan | Russia | Ucraina
43%
...con più cavalli che abitanti Mongolia
41%
...che fa parte delle Piccole Antille Antigua e Barbuda | Barbados | Dominica | Grenada | St. Kitts e Nevis | St. Lucia | St. Vincent e Grenadine | Trinidad eTobago
39%
...con una Q nel nome (eccetto il Qatar) Guinea Equatoriale | Iraq
38%
...che produce più di 2.000 tonnellate di argento all'anno Cina | Messico | Perù
34%
...che dal 1991 ha cambiato la propria capitale Burundi | Kazakistan | Myanmar | Nigeria | Palau | Tanzania | Guinea Equatoriale
22%
Nessun quiz corrispondente trovato
Distribuzione punteggi
Percentuale di utenti per punteggio
Percentile per numero di risposta
I tuoi punteggi nel tempo
Non hai fatto questo quiz